000 00341 a2200157 4500
001 13105
020 _a9788516085476
040 _cAnchieta - Aquarius
100 _aMachado, Ana Maria
240 1 0 _aFim de semana
_lpor
245 1 0 _aFim de semana
300 _a32
362 0 _a2013
650 4 _aLiteratura infanto-juvenil
942 _cBK
999 _c13105
_d13105